[Event "Olympiad-33"]
[Site "Elista"]
[Date "1998.10.03"]
[Round "5.2"]
[White "Ehlvest, Jaan"]
[Black "Markovic, Miroslav"]
[Result "1-0"]
[WhiteElo "2620"]
[BlackElo "2575"]
[Annotator "Hazai,L"]
[PlyCount "61"]
[EventDate "1998.09.29"]
[EventType "team-swiss"]
[EventRounds "13"]
[EventCountry "RUS"]
[SourceTitle "CBM 068"]
[Source "ChessBase"]
[SourceDate "1999.02.01"]
[SourceVersion "1"]
[SourceVersionDate "1999.02.01"]
[SourceQuality "1"]
[WhiteTeam "Estonia"]
[BlackTeam "Yugoslavia"]
[WhiteTeamCountry "EST"]
[BlackTeamCountry "YUG"]

1. d4 Nf6 2. Nf3 g6 3. Bg5 Bg7 4. e3 O-O 5. Be2 d6 6. O-O Nc6 {This is an
unusual setup, the N on c6 is not very well placed in this type of position.} (
6... h6 {wants to eliminate White's dark-squared B and after than opening up
the /^ for his g7 B with c7-c5. However the weaknesses on the >> may pose some
problems later on.} 7. Bh4 g5 8. Bg3 Ne4 9. Nbd2 Nxg3 10. hxg3 c5 11. c3) (6...
Nbd7 {/\ e7-e5 is one of the most popular answer}) 7. Nbd2 h6 8. Bh4 g5 9. Bg3
Nh5 10. c3 f5 $6 {If Black wants to eliminate the g5 B, than c7-c5 push is the
logical continuation of this plan. Here the N on c6 is against the well-known
Philidor rule. However this agressive push is very dangerous for Black because
of the lack of development.} (10... Nxg3 11. hxg3 e6 {was logical to keep the
position closed.}) 11. d5 Nb8 $6 {If Black has to retreat like that, his
opening strategy cannot be sound!} (11... Ne5 $2 12. Bxe5) (11... Nxg3 {
was safer, for example:} 12. hxg3 (12. fxg3 $5 Ne5 13. Nd4) 12... Ne5 13. Nd4
f4) 12. Nd4 Nxg3 13. fxg3 $1 {opening up the f <-> against the >< f5 P.} (13.
hxg3 c5) 13... Bxd4 (13... c5 14. Ne6 Bxe6 15. dxe6 {/\ Bd3 >< f5}) 14. exd4 c6
(14... e6 15. g4 $1) 15. g4 $1 {White has to exploit his lead of development.}
cxd5 (15... fxg4 16. Rxf8+ $1 (16. Bxg4 Rxf1+ 17. Nxf1 cxd5 18. Ne3 e6) 16...
Qxf8 17. Bxg4 cxd5 18. Bxc8 Qxc8 19. Qh5 Kg7 20. Rf1 $40) 16. gxf5 Bxf5 17. Bg4
$1 Bxg4 (17... e6 18. Bxf5 exf5 19. Qb3 Qd7 20. Qxd5+ Kg7 21. Rae1 (21. Nc4 Rf6
) 21... Nc6 22. Re6 $16) (17... Qd7 18. Rxf5 Rxf5 19. Qc2 e6 20. Bxf5 exf5 21.
Rf1 Nc6 22. Qxf5 Qxf5 23. Rxf5 $16) 18. Qxg4 Nc6 (18... Nd7 19. Rxf8+ Nxf8 20.
h4 e6 21. Nf3 Qf6 22. hxg5 hxg5 23. Nxg5 Qg6 24. Rf1 Re8 25. Qh4 Re7 26. Ne4 $1
) 19. h4 Qc8 20. Rxf8+ Kxf8 (20... Qxf8 21. Rf1 Qg7 (21... Qc8 22. Qh5) 22.
Qe6+ Kh8 23. Rf7 Nd8 24. Rxg7 Nxe6 25. Rxe7 $18) 21. Qf3+ $18 {Black has no
time to finish development.} Kg7 (21... Ke8 22. hxg5 hxg5 23. Qxd5) 22. hxg5
Qe6 (22... hxg5 23. Qxd5) 23. gxh6+ Qxh6 (23... Kxh6 24. Qf4+ Kg7 25. Rf1) 24.
Rf1 $1 Rg8 (24... Qxd2 25. Qg4+ Kh6 26. Rf5 $18) 25. Rf2 {The black K is
helpless against the white threats, since he is almost completely naked!} Kh8 (
25... Qg5 26. Nf1 $1 (26. Qf7+ Kh8 27. Nf3 Qc1+)) 26. Qxd5 e5 27. Nf1 Qg6 28.
g3 exd4 29. cxd4 Re8 30. Rf4 Re7 31. Rf8+ 1-0

[Event "EU-chT (Men) 13th"]
[Site "Leon"]
[Date "2001.11.09"]
[Round "4.3"]
[White "Malakhatko, Vadim"]
[Black "Gallagher, Joseph G"]
[Result "0-1"]
[WhiteElo "2557"]
[BlackElo "2511"]
[Annotator "Hazai,L"]
[PlyCount "96"]
[EventDate "2001.11.06"]
[EventType "team-swiss"]
[EventRounds "9"]
[EventCountry "ESP"]
[SourceTitle "CBM 086"]
[Source "ChessBase"]
[SourceDate "2002.02.05"]
[SourceVersion "1"]
[SourceVersionDate "2002.02.05"]
[SourceQuality "1"]
[WhiteTeam "Ukraine"]
[BlackTeam "Switzerland"]
[WhiteTeamCountry "UKR"]
[BlackTeamCountry "SUI"]

1. d4 Nf6 2. Nf3 g6 3. Bg5 Bg7 4. Nbd2 O-O 5. c3 d6 6. e4 h6 7. Bh4 Qe8 8. Bd3
(8. Be2 {- Utkin-Karasev, St.Petersburg ch 2001 CBM 83}) (8. Bc4 {see the
notes to Utkin-Karasev, St.Petersburg ch 2001 CBM 83}) 8... e5 (8... Nh5 9. O-O
Nf4 10. Bc4 {- 8.Be2, see Utkin-Karasev, St.Petersburg ch 2001 CBM 83} (10. Bc2
e5 11. Re1 Nc6 12. Nc4 Bg4 {Here Black has a strong pressure on >< d4.} 13. Ne3
Bxf3 14. Qxf3 exd4 15. Nf5 g5 16. Bg3 Ne5 17. Qd1 dxc3 18. bxc3 Neg6 $15 {
securing Black's material advantage, Kosic-Mozetic, Novi Sad 1995.})) 9. O-O (
9. dxe5 dxe5 10. O-O Nbd7 (10... Nh5 $5 {deserves again serious attention, - 9.
0-0}) 11. Re1 Nc5 (11... Nh5 {- 9.0-0}) 12. Bf1 Bg4 {Soon or later this B has
to retreat, because the exchange for the f3 N is not advisable from
strategical point of view.} 13. Qe2 (13. Qc2) 13... Nh5 14. Qe3 Ne6 15. Nc4
Nef4 {Black's concentration of pieces on the >> is impressive, but it is not
easy to find a weakness there.} 16. b4 b6 17. a4 Qe6 18. Nfd2 {White hass to
play carefully!} (18. a5 $2 {founders on} Nxg2 $1 19. Kxg2 Bh3+ $19) 18... g5 (
18... Bf6 $6 19. Bxf6 (19. Bg3 Bg5 $1) 19... Qxf6 20. g3 {Torre}) 19. Bg3 Qg6
20. a5 {White is not afraid of the black |^ on the >> .} Rad8 21. axb6 axb6 22.
Ra7 Rd7 23. h3 Be6 24. Nf3 $14 {Torre-Gutman, Biel (izt) 1985 40/82}) 9... Nh5
10. dxe5 (10. Re1 $5 {vacating the square f4 for the retreat of his B.}) 10...
dxe5 (10... Nf4 $1 {was more precise not allowing White's B to retreat to f1.}
11. Bc4 dxe5 {- 8.Be2}) 11. Re1 Nd7 (11... Nf4 12. Bf1 {is White's idea, but
even here the chances are level. The N on f4 looks ideal, and White's
dark-squared B belongs to e3 in this symmetrical central P formation attacking
both flanks.}) 12. b4 {White has some pressure on the <<.} Nf4 (12... a5 13. a3
Nb6 14. Qc2 Bg4 15. Bf1 Ra7 {Black's setup seems to be a bit sophisticated.}
16. h3 Be6 17. Nb3 Qa4 18. Nfd2 Rfa8 19. f3 Bf6 20. Bf2 Bg5 21. Qb2 {/\ Nc5}
axb4 22. cxb4 $14 {Gausel-Dannevig, Norway 1996}) 13. Bf1 {White keeps the c4
square vacant for the N.} Nf6 {It is not completely clear what this N wants on
the >>.} (13... Nb6 {fighting for the << looks more to the point, although on
this flank White slowly but surely gets the upper hand.} 14. a4 a5 15. b5 Bg4 {
Black wants to provoke h3, but is it an achievement?} (15... Qe6 {/\ Bf6
exchanging the passive B.} 16. c4 {Now the fight for the vital c5 square
begins.} Nd7 17. Nb3 Bf6 18. Bxf6 Qxf6 19. c5 $14) (15... Be6 16. c4 Nd7 17.
Nb3 $14) 16. h3 Be6 17. c4 Nd7 18. Nb3 g5 19. Bg3 Qe7 20. Qc2 $14 {/\ c5}) (
13... Bf6 {immediately weakens >< e5.} 14. Bxf6 (14. Bg3) 14... Nxf6 15. Nc4
Nd7 16. Qd2 $14 (16. g3 $14)) 14. Nc4 N6h5 15. Nfd2 (15. Qc2 $5 {keeping the
pressure on >< e5 was interesting.}) 15... Qe6 (15... Bf6 16. Bxf6 Nxf6 17. Nf3
$14 {- 13...Bf6}) 16. f3 {Now White wants to preserve his strategically strong
B.} (16. Ne3 $5 {looked also promising.} g5 17. Bg3 $16) 16... Bf6 17. Bf2 {
White certainly doesn't want to exchange Black's bad B.} Be7 (17... Rd8 18. Qc2
{and the N on h5 has nothing to do.}) 18. Qc2 {White builds up his pressure on
the << slowly but surely.} ({More forcing is} 18. g3 Nh3+ 19. Bxh3 Qxh3 20.
Nxe5 Bf6 21. Nd3 Bxc3 22. Rc1 Bg7 23. Rxc7 $16) 18... Qf6 19. Kh1 (19. Rad1)
19... Kh7 20. Rad1 Qg5 21. a3 {White is not running out of preparatory moves,
Black can only sit and wait.} (21. g3 Nh3 22. Be3 Qf6 23. Bg2 $14) 21... Qf6 (
21... b6 22. Qa4 $14) 22. Ne3 c6 23. Nec4 {White is not finding the right plan
yet.} (23. Nb3 b6 24. Rd2 Be6 25. Red1 $14) 23... Ng7 {Black finally improves
his N on the edge of the board.} 24. Nb3 Nge6 25. Be3 (25. Nd6 Bxd6 26. Rxd6 {
is connected with a positional exchange sacrifice, but White is far from
pushing too hard...} Nd4 27. Bxd4 Qxd6 28. Bc5 Qd8 29. Rd1 Qe8 30. Bxf8 Qxf8
31. Na5 $14) 25... b6 26. a4 (26. Nd6 {was again tempting, but White doesn't
want to complicate matters.} Bxd6 27. Rxd6 Nd4 28. Rxd4 exd4 29. cxd4 $44)
26... Nc7 (26... Rd8 27. Rxd8 Bxd8 28. Qd2 $14 {conquering the only opened d
<->.}) 27. Ncd2 {This is again a bit sophysticated move. Without doing
anything White hardly can convert his advantage into a win.} (27. a5 b5 28. Nb2
$14 {was more more consequent.}) 27... Nce6 28. Qa2 (28. Nc4) 28... g5 {
Black realizes that White is not determinate to march ahead, so he wants to
grab the |^ on the >>.} 29. Qc2 {White cannot make a clear-cut decision.} (29.
g3 Ng6 30. a5) 29... h5 {/\ h4, Nh5 and suddenly Black has concrete threats
against the white K.} 30. Nc4 {White doesn't want to do anything connected
with activity. In a practical game usually the punishment will soon come.} (30.
a5) 30... Ng7 {Black has already some plans on the >>.} 31. Qf2 {White is
still making prophylactical moves...} (31. g3 Nh3 32. a5 b5) 31... h4 32. a5 b5
33. Nb2 g4 {Now Black's activity cannot be underestimated.} 34. fxg4 Bxg4 35.
Rd2 Ngh5 36. Bxa7 {This plan is however too brave, probably in time trouble.}
Be6 37. Nc5 Rg8 38. Nxe6 Qxe6 39. Be3 {[#]} Ng3+ $1 $19 {and here is the
punishment for White's undetermined play. White's K cannot escape!} 40. Kg1 (
40. hxg3 hxg3 $19) 40... Nh3+ $1 {winning the Q.} 41. gxh3 Nxe4+ 42. Bg2 Nxf2
43. Rxf2 f5 44. Nd3 e4 45. Nf4 Qc4 46. Ne2 Bg5 47. Bd4 Bd2 48. Ref1 e3 0-1

[Event "ROM-ch"]
[Site "Targoviste"]
[Date "2001.11.27"]
[Round "4"]
[White "Moldovan, Daniel"]
[Black "Nevednichy, Vladislav"]
[Result "1/2-1/2"]
[WhiteElo "2450"]
[BlackElo "2593"]
[Annotator "Hazai,L"]
[PlyCount "60"]
[EventDate "2001.11.23"]
[EventType "tourn"]
[EventRounds "15"]
[EventCountry "ROU"]
[EventCategory "9"]
[SourceTitle "CBM 087"]
[Source "ChessBase"]
[SourceDate "2002.03.21"]
[SourceVersion "1"]
[SourceVersionDate "2002.03.21"]
[SourceQuality "1"]

1. d4 Nf6 2. Nf3 g6 3. Bf4 Bg7 4. e3 O-O 5. Be2 d6 6. h3 Nfd7 {/\ e5} 7. O-O e5
8. Bh2 Qe7 $6 {The Q is rather vulnerable here. Both alternatives look better.}
(8... Nc6 {- Alterman-Avrukh, Tel Aviv 1999 CBM 71}) (8... f5 {see the notes
of Alterman-Avrukh, Tel Aviv 1999 CBM 71}) 9. c4 {/\ Nc3 and the Q on e7 feels
herself uncomfortable.} (9. a4 {looks less effective, because it forgets about
the [+].} f5 $13 {is the standard plan here.} (9... Re8 {is again not very
important now.} 10. c3 Nf8 {/\ g5, Ng6 with |^ on the >>.} 11. Na3 e4 12. Nd2
g5 13. Nb5 $6 {This is a "trappy" move.} a6 {was good and simple.} (13... Ng6
$2 {and Black falls into the trap!} 14. Nxe4 $1 a6 (14... Qxe4 $2 {loses
outright:} 15. Nxc7 $18 Qe7 16. Nxa8 Na6 17. b4 Nh4 18. b5 {1-0
Gladischev-Papenin, Sevastopol 2000}) 15. Nxc7 Qxc7 16. Nxd6 $16 {with three
pawns and a nice position for the N.}) 14. Na3 Ng6 $13)) 9... Nc6 (9... f5 10.
Nc3 c6 {defends against Nd5, but creates more weaknesses on the <<.} 11. b4 {
/\ c5, or b5} e4 12. Nd2 $16) 10. Nc3 a5 {Black's whole plan is dubious.} 11.
a3 {White is not hurrying to harvest the plow.} (11. Nb5 Nb6 12. Rc1 Bf5 13. d5
Nb4 14. Nc3 Bd7 {and the h2 B is out of play at least.}) (11. Nd5 Qd8 12. Rc1 {
can be met by} Ne7 {which is Black's major plan anyway.}) 11... Re8 12. Re1 (
12. Rb1 {is running into Bf5 in the near future.} Nb6 13. b4 axb4 14. axb4 exd4
15. exd4 Bf5 16. Rb3 Na4 $132) (12. Rc1 $14 {was a good positional move
strengthening the pressure on the <<.}) 12... h6 {Black is in difficulty
finding useful moves.} (12... Qd8 13. Rc1 $14) 13. Rc1 {White can slowly but
surely strengthen his position.} Qd8 {Sad, but true. The Q on e7 was inferior.}
(13... e4 14. Nd2 $16 {works only for White widening the /^ for the h2 B.}) 14.
Nb5 (14. Na4 {is also logical preparing the advance on the <<.} exd4 15. exd4
Qf6 (15... Nf6 16. Nc3 $14 (16. d5 Ne5 17. Nxe5 dxe5 18. b4 $14 {and the pawns
on the << are rather frightening.})) 16. c5 Nxd4 17. Nxd4 Qxd4 18. cxd6 cxd6
19. Bxd6 $14 {and White has the better developed pieces.}) 14... b6 {This will
be a weakness in case of closing the [+] by d4-d5.} 15. b3 {White has still
time for slow preparatory moves.} (15. d5 Ne7 {closes the [+] a bit early, and
it is not easy to activate the bad B on h2.}) (15. Rb1 $14 {/\ b4}) 15... Bb7
16. Qc2 (16. d5 Ne7 17. e4 $14 {was now better than before because the B on b7
is also badly placed in a King's Indian classical structure.}) 16... Na7 17.
Nxa7 $6 {Exchanging the pieces with space advantage and better development is
against the rules.} (17. Nc3 $1 $14 {was better and the N on a7 remains
pathetic.}) 17... Rxa7 18. dxe5 {giving up the [+] may only lead to an equal
position.} Nxe5 {Black is happy to exchange his passive pieces.} 19. Nxe5 Bxe5
20. Bxe5 Rxe5 $11 {Now suddenly Black is completely OK, the structure is also
fine, White let him escape easily.} 21. Rcd1 Qe7 22. Bf1 Ra8 23. Qc3 Re8 24.
Rd2 f5 25. Red1 g5 26. b4 axb4 27. axb4 Bc6 28. Rd4 Qf6 29. g3 Kg7 30. Bg2 Bxg2
1/2-1/2

[Event "Ciocaltea Memorial"]
[Site "Bucharest"]
[Date "1999.03.06"]
[Round "3"]
[White "Vasilescu, Lucian Mihail"]
[Black "Badea, Bela"]
[Result "1-0"]
[WhiteElo "2380"]
[BlackElo "2475"]
[Annotator "Hazai,L"]
[PlyCount "57"]
[EventDate "1999.03.04"]
[EventType "tourn"]
[EventRounds "13"]
[EventCountry "ROU"]
[EventCategory "10"]
[SourceTitle "CBM 070"]
[Source "ChessBase"]
[SourceDate "1999.06.08"]
[SourceVersion "1"]
[SourceVersionDate "1999.06.08"]
[SourceQuality "1"]

1. d4 g6 2. e4 d6 3. Bg5 Bg7 4. c3 Nf6 5. Nd2 O-O 6. Ngf3 Nbd7 7. Bc4 e5 8. O-O
Qe8 9. Re1 h6 10. Bh4 Nh5 {This is the active continuation.} (10... Nb6 {
misplaces the N a bit in order to finish the development.} 11. Bb3 Bd7 {
This is not a frightening developing move again.} 12. a4 {White wants to
create some weaknesses on the <<.} (12. Nc4 {immediately was also played:} Nxc4
13. Bxc4 Bc6 14. Bd3 Nh5 15. Qb3 {/\ d5} b6 16. a4 Kh8 17. dxe5 dxe5 18. Bb5 a6
19. Bxc6 Qxc6 20. Rad1 $14 {Gormally-Sashikiran, GBR-ch Torquay 1998}) 12... a5
13. Nc4 Nxc4 14. Bxc4 Bc6 15. dxe5 dxe5 16. Bxf6 Bxf6 17. Qb3 $14 {with some
pressure on the light squares.}) 11. dxe5 (11. Nf1 Nb6 (11... Ndf6 $5 12. a4 b6
13. Bb5 {provoking some weaknesses.} c6 14. Bc4 Qe7 {It was time to improve
the Q's position.} 15. Ne3 Qc7 16. Nd2 Bb7 17. dxe5 {After this exchange in
the [+] Black has everything in order.} dxe5 18. Qc2 a6 19. f3 b5 20. Bf1 Rfd8
21. b4 c5 $11 {Khalifman-Shirov, Linares 1995}) 12. Bb3 Be6 13. dxe5 dxe5 {
- 11.dxe5 dxe5}) (11. a4 a5 12. Bb5 Bf6 (12... c6 $5 {deserves attention.}) 13.
Bxd7 (13. Bg3 $5) 13... Bxd7 14. Bxf6 Nxf6 15. dxe5 dxe5 16. Nc4 Ng4 17. h3 Be6
18. Qe2 $16 {Bogdanovski-Cvitan, Toulouse op 1990}) 11... dxe5 (11... Nxe5 12.
Nxe5 dxe5 13. a4 a5 14. Qb3 Kh7 (14... Bf6 $5) 15. Rad1 Bf6 16. Bxf6 (16. Bg3)
16... Nxf6 17. h3 Qe7 18. Nf3 Nd7 19. Rd2 Kg7 20. Red1 $14 {Van den
Berg-Segers, NLD-ch 1995}) 12. a4 (12. Nf1 Nb6 {This is simpler than} (12...
Nc5 $6 13. b4 Be6 (13... Ne6 14. Ne3) 14. N3d2 Bxc4 15. Nxc4 Ne6 (15... Qe6 $2
16. Na5 Qa6 17. Be7 $18 {Martinez-Vladimirov, Oviedo rapid 1991}) 16. Nfe3 $14)
13. Bb3 Be6 {After the simplifications Black can easily hold his position.} 14.
Ne3 (14. Bxe6 Qxe6 15. Ne3 Rfe8 16. Qb3 Nf4 17. Rad1 {1/2:1/2 Muse-Smejkal, BL
1988}) 14... c6 15. Nd2 Bf6 16. Bxf6 Nxf6 17. Qf3 Qe7 18. Qg3 Bxb3 19. Nf5 Qc7
20. axb3 Kh7 21. Qh4 Ng8 22. Ne3 Kg7 $11 {Z.Nikolic-Hazai, Vrnjacka Banja 1984}
) 12... Kh8 (12... g5 $6 {weakens unnecessarily Black's position, especially
>< f5.} 13. Bg3 (13. Nxg5 $5 hxg5 14. Qxh5 gxh4 15. Qxh4 $40 {is also worth of
trying for players who like excitement.}) 13... Nf4 14. Nf1 $16) (12... Bf6 {
allows White to gain space on the <<.} 13. a5 $1 Qe7 14. Bxf6 Qxf6 15. Bf1 $1 {
The N belongs to c4!} Rd8 16. Qe2 Nf4 17. Qe3 g5 (17... Kg7 18. g3 Ne6 19. Nc4
$16) 18. Red1 Re8 19. g3 Ng6 20. h3 Ndf8 21. Nh2 Be6 (21... h5 $2 22. Be2 $1 h4
23. Bg4 $16 {T.Petrosian-Jansa, Bar 1986}) 22. Kg2 $16 {/\ Be2-g4 exchanging
Black's nice B.}) (12... a5 {deserved attention, as usually.}) 13. a5 a6 14.
Qc2 f5 $6 {In a passive position it is against the principles to open up the
position. This helps only for the better developed pieces.} (14... Nc5 15. b4
Ne6 16. Bf1 $16 {with a big space advantage on the <<.}) 15. exf5 gxf5 {[#]}
16. Nd4 $1 $16 Nb8 {Sad, but true.} (16... Nc5 {is answered by} 17. b4) 17. Qb3
Qg6 $2 (17... Nf4 18. Bg3 Ng6 19. f4 $1 e4 20. Ne6 $16 {is not rosy either.})
18. Be7 $1 $18 {winning the exchange.} Nf4 19. g3 exd4 20. Bxf8 Bxf8 21. Bf7 $1
Qg7 22. Re8 Bd7 (22... Nd7 23. Rae1) 23. Rae1 $1 Bxe8 24. Rxe8 d3 25. Kf1 Nh3
26. Bh5 c6 27. f4 $1 Qf6 28. Qxb7 Qd6 29. Qf7 1-0

[Event "EU-Cup 14th final"]
[Site "Belgrade"]
[Date "1999.01.12"]
[Round "2"]
[White "Rozentalis, Eduardas"]
[Black "Avrukh, Boris"]
[Result "1/2-1/2"]
[WhiteElo "2575"]
[BlackElo "2600"]
[Annotator "Hazai,L"]
[PlyCount "78"]
[EventDate "1999.01.11"]
[EventType "team-k.o."]
[EventRounds "3"]
[EventCountry "YUG"]
[SourceTitle "EXT 2020"]
[Source "ChessBase"]
[SourceDate "2019.10.17"]
[SourceVersion "1"]
[SourceVersionDate "2019.10.17"]
[SourceQuality "1"]
[WhiteTeam "Warszawa Polonia"]
[BlackTeam "Beer-Sheva Chess Club"]
[WhiteTeamCountry "POL"]
[BlackTeamCountry "ISR"]

1. d4 Nf6 2. Nf3 g6 3. Bg5 Bg7 4. Nbd2 O-O 5. e3 d6 {One has to realize that
this is in fact a Reti New York line with reversed colours, therefore the
strategies of the abovementioned opening are valid here as well.} 6. c3 (6. Bc4
{White can try to spare c2-c3, but this is a rare idea.} Nbd7 7. O-O e5 8. dxe5
dxe5 9. Ne4 Qe8 10. Nxf6+ Bxf6 11. e4 Qe7 12. Bxf6 Nxf6 {after the mass
exchanges Black has a fine position.} 13. Qe2 Be6 14. Nxe5 Bxc4 15. Nxc4 Qxe4
16. Rfe1 Rfe8 17. Qxe4 Nxe4 18. Rad1 Nc5 {= with completely equal K,
Dreev-Khalifman, Vilnius 1988}) (6. Be2 {or}) (6. Bd3 {are the other
strategies here.}) 6... Nbd7 7. Bc4 {White wants to provoke Black d6-d5 after
which he can invade >< e5.} (7. Be2) 7... Qe8 {Black's main idea is to play
for e7-e5.} 8. O-O h6 {driving the B to a slightly inferior place.} 9. Bh4 e5
10. b4 {This is an interesting idea to allow e5-e4.} (10. e4 Nh5 {><f4} 11. Re1
Nb6 12. Bb3 Bg4 {provoking h3, after which the N on f4 will have a target.} 13.
h3 Bd7 14. a4 a5 15. Nc4 Nxc4 16. Bxc4 Nf4 17. Bg3 g5 18. Qb3 Rb8 19. Bb5 c6
20. Bf1 Qe7 21. dxe5 dxe5 {~ Speelman-Ye Jiangchuan, Beijing 1997}) 10... Kh8 {
Black wants to prepare f7-f5.} (10... e4 $5 {is a completely other plan.}) 11.
Bb3 Nh5 12. Nc4 (12. dxe5 {is the well-known method in the Reti, and here it
works as well.} dxe5 13. e4 Bf6 (13... Nb6 14. c4 {+=}) 14. Bg3 {hoping for a
bad dark-squared B for Black.} Qe7 15. Nc4 Rd8 16. Qe2 Nxg3 17. hxg3 Nb6 18.
Na5 {+= with some pressure on the light squares and on the <<.}) 12... f5 13.
dxe5 Nxe5 (13... dxe5 {is also worth trying, because e5-e4 hits the Nf3.} 14.
Re1 (14. Ba4 e4 $1 (14... g5 $2 {founders on} 15. Nfxe5 $1 Bxe5 16. Nxe5 Qxe5
17. Qxh5 gxh4 $2 18. Qxh6+ Kg8 19. Bb3+ Rf7 20. Qg6+ {+-}) 15. Nd4 a6 $1 {=+})
14... e4 $1 15. Nd4 g5 16. Bg3 Nxg3 17. hxg3 Nf6 {~}) 14. Nfxe5 dxe5 15. f4
exf4 (15... e4 {At first sight the closing of the position looks logical,
since White is better developed.} 16. Ne5 (16. Na5 Rb8 {=+}) (16. Rc1 Be6 {=+})
16... Bxe5 17. fxe5 Qxe5 18. g4 Nf6 19. gxf5 Bxf5 20. Qd4 Qxd4 21. cxd4 {~=})
16. exf4 Nxf4 (16... Bxc3 $2 17. Rc1 Bg7 18. Re1 {+/-}) 17. Rxf4 g5 {#} 18. Rd4
(18. Qd2 $1 {was the real alternative!} gxf4 19. Re1 Qh5 (19... Qg6 $6 20. Ne5
Bxe5 21. Rxe5 f3 22. Re7 $1 Qxg2+ 23. Qxg2 fxg2 24. Bf2 $1 Rd8 25. Bg3 {+-})
20. Qxf4 {White has sacrificed the exchange, but he has an ample compensation
for it.} Bd7 21. Re7 $1 Bc6 22. Ne5 {~=}) 18... gxh4 19. Rxh4 Qe7 (19... Be6 $2
20. Qd2 Qg6 21. Ne5 $1) 20. Qe1 (20. Qh5 Bd7 $1 (20... Qe8 $6 21. Qg5 Kh7 22.
Qg3) (20... Be6 $6 21. Ne5 $1 (21. Re1 Qf7))) 20... Qf6 21. Ne5 Be6 22. Ng6+ $1
{White's dreams of attack cannot be realized, therefore he changes the course
of the game playing for a draw.} (22. Bxe6 Qxe6 (22... Qxe5 $2 23. Rxh6+ {+-})
23. Nf3 Qb6+ 24. Kh1 Rae8) (22. Qg3 Bxb3 (22... Qxe5 $2 23. Rxh6+ $1 {+-}) 23.
Ng6+ (23. Nd7 f4 $1) 23... Kg8 24. axb3 Rfe8) 22... Qxg6 23. Qxe6 {=} Qg5 24.
Rh3 Rae8 25. Qc4 Re3 26. Rxe3 Qxe3+ 27. Kh1 Qxc3 28. Qxc3 Bxc3 29. Rc1 {
Black is a P up, but the K is drawish because of the opposite coloured Bs.} Be5
30. b5 Rd8 31. Rd1 Rxd1+ 32. Bxd1 c5 33. bxc6 bxc6 34. Kg1 Kg7 35. Bb3 Kg6 36.
Kf2 Bd4+ 37. Ke2 Kg5 38. Kd3 h5 39. Bd1 h4 1/2-1/2